000 00604 a2200181 4500
999 _c183217
_d183217
005 20211220171148.0
010 _aENG-130443
020 _a978-93-89691-23-8
_c525.00
035 _aEN-113975
037 _bDBAD/PUB
082 _a336.2
_b1
100 _aDas, Barun Kumar
245 _aTaxation-I
_cBarun Kumar Das
_bFor Assessment Year 2020-21
260 _aTamill Nadu
_bMcGraw Hill Education Private Limited
_c2021
270 _a444/1, Sri Ekambara Naicker Industrial Estate, Alapakkam, Porur
_bChennai
_e600116
300 _a13.5p.
_c22cm (pbk)
942 _adpl
_cEN
_2ddc
_h336.2
_mDAS